Welcome to the Holygrace Academy Library

Please use search bar below to get started

DISCOVERING LONDON (Record no. 6511)

MARC details
000 -LEADER
fixed length control field 00308nam a22001337a 4500
020 ## - INTERNATIONAL STANDARD BOOK NUMBER
ISBN 0-7214-0976-8
082 ## - DEWEY DECIMAL CLASSIFICATION NUMBER
Classification number 001
Item number MOY/D
100 ## - MAIN ENTRY--AUTHOR NAME
Personal name MOYES, JOHN
245 ## - TITLE STATEMENT
Title DISCOVERING LONDON
260 ## - PUBLICATION, DISTRIBUTION, ETC. (IMPRINT)
Place of publication UNITED KINGDOM
Name of publisher LADYBIRD
Year of publication 1981
300 ## - PHYSICAL DESCRIPTION
Number of Pages 51
650 ## - SUBJECT ADDED ENTRY--TOPICAL TERM
Topical Term GENERAL KNOWLEDGE
Geographic subdivision UNITED KINGDOM
942 ## - ADDED ENTRY ELEMENTS (KOHA)
Koha item type Books
Holdings
Withdrawn status Lost status Collection code Home library Current library Shelving location Date acquired Source of acquisition Full call number Accession Number Koha item type
    G.K Main Library Main Library SHELF-17B-- G.K RELATED QUIZ BOOK 18/03/2014 purchase 001 MOY/D 06770 Books